Covariance structure models : an introduction to LISREL
Αποθηκεύτηκε σε:
| Κύριος συγγραφέας: | |
|---|---|
| Μορφή: | Βιβλίο |
| Γλώσσα: | English |
| Δημοσίευση: |
Newbury Park :
Sage Publications,
c1983
|
| Σειρά: | Sage university papers series. Quantitative applications in the social sciences ;
; 34 |
| Θέματα: | |
| Ετικέτες: |
Προσθήκη ετικέτας
Δεν υπάρχουν, Καταχωρήστε ετικέτα πρώτοι!
|
MARC
| LEADER | 00000nam a2200000 i 4500 | ||
|---|---|---|---|
| 001 | 1/17891 | ||
| 008 | 981014s1983 eng d | ||
| 020 | |a 0-8039-2045-8 | ||
| 035 | |l 10020718 | ||
| 040 | |a GR-MY-UA |b gre |e aacr | ||
| 041 | 0 | |a eng | |
| 082 | 0 | |a 300.724 | |
| 100 | 1 | |a Long, J. Scott. | |
| 245 | 1 | 0 | |a Covariance structure models : |b an introduction to LISREL / |c J. Scott Long |
| 260 | |a Newbury Park : |b Sage Publications, |c c1983 | ||
| 300 | |a 95 p. | ||
| 490 | 1 | |a Sage universiry papers series. Quantitative applications in the social sciences |v ; 34 | |
| 504 | |a Bibliography: p 91-93 | ||
| 630 | 0 | 0 | |a LISREL. |
| 650 | 0 | 0 | |a Social sciences |x Statistical methods |x Mathematical models. |
| 650 | 0 | 0 | |a Analysis of covariance |x Mathematical models. |
| 830 | 0 | |a Sage university papers series. Quantitative applications in the social sciences ; |v ; 34 | |
| 852 | |a INST |b LESVOS |e 19981014 |h 300.724 LON |p 005100018480 |q 005100018480 |t BK |y 0 | ||
| 901 | |a BIBL-1999-1 | ||
| 909 | |a Λ |b 059531 | ||
| 922 | |a 1ΕΛΗ |b 199809 |c ΚΠΣ/ΤΓ |d ΠΑΠΑΣΩΤΗΡΙΟΥ | ||
| 950 | |a 118-1998-07-23 | ||